000 04006nab a2200289 i 4500
003 BR-BrBNA
005 20250609165509.0
008 250609b2019 bl.ar|pooa||| 00| 0 por |
040 _aBR-BrBNA
_bpor
072 _aP40
100 _aAlves, Rodrigo Condé
100 _aTres, Andressa
100 _aSoares, Ronaldo Viana
100 _aWendling, William Thomaz
100 _aTetto, Alexandre França
245 _aClassificação climática para o estado do Amazonas segundo as zonas de vida de Holdridge
500 _a Publicação online; 23 ref.; 9 illus.; 3 tables; Summaries (En, Pt)
520 _a RESUMO: As zonas de vida de Holdridge são baseadas nas relações entre precipitação, temperatura, pisos altitudinais e latitude, sendo úteis em aplicações ecológicas, particularmente em áreas tropicais. Objetivou-se com o presente estudo realizar a classificação do clima dos municípios do estado do Amazonas de acordo com as zonas de vida de Holdridge e compará-lo com a classificação de Köppen e de cobertura de vegetação original do estado. As comparações foram realizadas por meio de matrizes de confusão elaboradas com ferramentas de análise espacial. Os resultados indicaram biotemperaturas variando de 22,9 °C a 26,5 °C, se distribuindo de maneira crescente no sentido oeste para leste do estado. Foram encontradas cinco zonas de vida de Holdridge, sendo floresta úmida tropical basal e floresta úmida/floresta muito úmida tropical basal as mais relevantes, ocupando cerca de 85% da área do estado. Três zonas de vida corresponderam em 100% com a classificação climática Af conforme Köppen, sendo que as demais zonas de vida atingiram correspondências superiores a 75% com o mesmo tipo climático. Verificou-se que todas as zonas de vida se enquadraram nas vegetações ombrófila aberta, ombrófila densa e campinarana. Dessa maneira, o sistema de zonas de vida de Holdridge demonstrou-se uma ferramenta importante para a classificação do clima no estado, tendo correspondência com os mapas de vegetação e a classificação climática de Köppen. PALAVRAS-CHAVE: Climatologia, Biotemperatura, Zoneamento florestal
520 _a ABSTRACT: Holdridge life zones are based on the relationships among precipitation, temperature, altitude levels and latitude, and they are useful in ecological applications, particularly in tropical areas. This study aimed to perform a climate classification of the Amazonas State cities according to Holdridge’s life zones and compare it with Köppen classification and original vegetation cover of the state. The comparisons were made using confusion matrices elaborated with spatial analysis tools. The results indicate biotemperatures ranging from 22.9 °C to 26.5 °C, increasing from West to East of the state. Five Holdridge life zones were found, tropical moist forest and tropical moist forest / wet forest, occupying about 85% of the state area. Three life zones corresponded 100% with the climate classification Af according to Köppen, and the other life zones reached correspondences of more than 75% with the same climate type. All life zones were found to be in open ombrophilous, dense ombrophilous and campinarana vegetation. In this way, Holdridge life zone system proved to be an important tool for climate classification in the state, corresponding to vegetation maps and to the Köppen climate classification. KEYWORD: Climatology, Biotemperature, Forestry zoning
650 _aCLIMATOLOGIA
650 _aZONEAMENTO FLORESTAL
650 _aAMAZONAS
773 0 _03551
_9345997
_dBelém-PA Faculdade de Ciências Agrárias do Pará 1999
_o2024-6646
_tRevista de Ciências Agrárias (Brazil)
_x1517-591X Impresso/Versão online ISSN 2177-8760
_gv. 62 p. 1-12; (2019)
_wBR2025001465
856 _uhttps://ajaes.ufra.edu.br/index.php/ajaes/article/view/3095/1570
942 _cANA
999 _c331964
_d331964